Cometary astrometry (Record no. 15236)

MARC details
000 -LEADER
fixed length control field 00756nam a2200217Ia 4500
003 - CONTROL NUMBER IDENTIFIER
control field IN-BaIIA
008 - FIXED-LENGTH DATA ELEMENTS--GENERAL INFORMATION
fixed length control field 211028s9999 xx 000 0 eng d
040 ## - CATALOGING SOURCE
Transcribing agency IIA Library
080 ## - UNIVERSAL DECIMAL CLASSIFICATION NUMBER
Universal Decimal Classification number 523.64:521.9
Item number YEO
111 ## - MAIN ENTRY--MEETING NAME
Meeting name or jurisdiction name as entry element Workshop on Cometary Astrometry
Location of meeting Germany
Date of meeting or treaty signing 1984 June 18-19
9 (RLIN) 28056
245 #0 - TITLE STATEMENT
Title Cometary astrometry
Remainder of title proceedings of a workshop held in Garching, Germany, June 18-19 1984
Statement of responsibility, etc. edited by D. K. Yeomans
260 ## - PUBLICATION, DISTRIBUTION, ETC.
Place of publication, distribution, etc. Paris
Name of publisher, distributor, etc. International Halley Watch
Date of publication, distribution, etc. 1984
300 ## - PHYSICAL DESCRIPTION
Extent v, 220p.
650 ## - SUBJECT ADDED ENTRY--TOPICAL TERM
Topical term or geographic name entry element Comet Halley
9 (RLIN) 4021
650 ## - SUBJECT ADDED ENTRY--TOPICAL TERM
Topical term or geographic name entry element Cometary Astronomy
9 (RLIN) 28057
650 ## - SUBJECT ADDED ENTRY--TOPICAL TERM
Topical term or geographic name entry element Data Report
9 (RLIN) 28058
650 ## - SUBJECT ADDED ENTRY--TOPICAL TERM
Topical term or geographic name entry element Data Schedule
9 (RLIN) 28059
650 ## - SUBJECT ADDED ENTRY--TOPICAL TERM
Topical term or geographic name entry element Nature of Comets
9 (RLIN) 28060
700 ## - ADDED ENTRY--PERSONAL NAME
Personal name Yeomans, D K., ed.
9 (RLIN) 28061
942 ## - ADDED ENTRY ELEMENTS (KOHA)
Koha item type Books
Holdings
Withdrawn status Lost status Damaged status Not for loan Home library Current library Shelving location Date acquired Total Checkouts Full call number Barcode Date last seen Price effective from Koha item type
        IIA Library-Bangalore IIA Library-Kavalur General Stacks 17/07/2003   523.64:521.9/ YEO 16158 05/11/2021 17/07/2003 Books

Powered by Koha